[Event "Titled Tuesday intern op 02nd Apr Late"]
[Site "Chess.com INT"]
[Date "2024.04.02"]
[Round "11"]
[White "Rodrigues Mota, Romulo Cardoso S"]
[Black "Scarsi, Anna Laura"]
[Result "1/2-1/2"]
[WhiteElo "1978"]
[BlackElo "2095"]
[PlyCount "156"]
[EventDate "2024.04.02"]
[EventType "swiss (blitz)"]
[EventRounds "11"]
[EventCountry "USA"]
[SourceTitle "CB15_2024"]
[SourceDate "2024.04.10"]
[SourceVersion "1"]
[SourceVersionDate "2024.04.10"]
[SourceQuality "1"]

1. e4 c5 2. Nf3 e6 3. d4 cxd4 4. Nxd4 Nf6 5. Nc3 Nc6 6. Nxc6 bxc6 7. Bd3 d5 8. 0-0 Be7 9. e5 Nd7 10. Bf4 0-0 11. Bg3 Qc7 12. Rb1 h6 13. b4 Nxe5 14. b5 Bd6 15. bxc6 a6 16. Re1 Nxd3 17. Qxd3 Qxc6 18. Bxd6 Qxd6 19. Ne4 Qc7 20. Ng3 Bd7 21. Rb4 Bb5 22. Qd4 Qxc2 23. Qg4 f5 24. Qg6 Rf6 25. Qh5 Qc3 26. Rbb1 Rc8 27. h4 f4 28. Ne2 Bxe2 29. Rxe2 f3 30. Re3 Qc2 31. Rbe1 fxg2 32. R3e2 Qc5 33. Qg4 Rcf8 34. Qxg2 e5 35. Rd2 e4 36. Red1 e3 37. Qxd5+ Qxd5 38. Rxd5 exf2+ 39. Kf1 Rg6 40. Ke2 Rg1 41. Rf1 Rxf1 42. Kxf1 g6 43. Rd6 Kg7 44. Rxa6 g5 45. hxg5 hxg5 46. a4 g4 47. Rc6 g3 48. Rc1 Kg6 49. Kg2 Kg5 50. Rc5+ Kf4 51. Rc3 Ke4 52. Rc1 Ke3 53. Ra1 Ke2 54. Rf1 Rh8 55. Ra1 f1Q+ 56. Rxf1 Ra8 57. Ra1 Kd3 58. a5 Kc4 59. a6 Kb5 60. a7 Kb6 61. Kxg3 Rxa7 62. Rb1+ Kc6 63. Rc1+ Kd5 64. Rd1+ Ke4 65. Re1+ Kd3 66. Re6 Rg7+ 67. Kf4 Rf7+ 68. Ke5 Rf1 69. Rd6+ Ke3 70. Ra6 Rb1 71. Ra3+ Kd2 72. Kd4 Rb4+ 73. Kc5 Rh4 74. Rg3 Rh5+ 75. Kc4 Rh4+ 76. Kd5 Ke2 77. Ra3 Rb4 78. Kc5 Rh4 1/2-1/2

[Event "Titled Tuesday intern op 02nd Apr Late"]
[Site "Chess.com INT"]
[Date "2024.04.02"]
[Round "1"]
[White "Yurtseven, Melih"]
[Black "Scarsi, Anna Laura"]
[Result "1-0"]
[WhiteElo "2333"]
[BlackElo "2095"]
[PlyCount "93"]
[EventDate "2024.04.02"]
[EventType "swiss (blitz)"]
[EventRounds "11"]
[EventCountry "USA"]
[SourceTitle "CB15_2024"]
[SourceDate "2024.04.10"]
[SourceVersion "1"]
[SourceVersionDate "2024.04.10"]
[SourceQuality "1"]

1. b3 d5 2. Bb2 c5 3. e3 e6 4. Nf3 Nf6 5. Bb5+ Bd7 6. Be2 Bd6 7. 0-0 Bc6 8. d4 0-0 9. Nbd2 Nbd7 10. Ne5 Bxe5 11. dxe5 Ne4 12. Nxe4 dxe4 13. Qd6 Qb6 14. Rfd1 Rad8 15. a4 a5 16. Ba3 Qa7 17. h4 Qa8 18. h5 h6 19. Bxc5 Nf6 20. Qxf8+ Rxf8 21. Bxf8 Qxf8 22. exf6 gxf6 23. Rd2 Qc5 24. Rad1 b5 25. axb5 Bxb5 26. Bxb5 Qxb5 27. Ra1 Qxh5 28. Rd8+ Kg7 29. Ra8 Qc5 30. c4 Qb4 31. R8xa5 Qxb3 32. Rc1 Qb2 33. Raa1 f5 34. c5 Qb7 35. c6 Qc7 36. Rab1 f4 37. Rb7 Qc8 38. exf4 Kf6 39. g3 h5 40. Rb5 h4 41. c7 hxg3 42. Rb8 gxf2+ 43. Kxf2 Qa6 44. c8Q Qa2+ 45. Rc2 Qa7+ 46. Ke2 Qd4 47. Qc3 1-0

[Event "Titled Tuesday intern op 27th Feb Late"]
[Site "Chess.com INT"]
[Date "2024.02.27"]
[Round "10"]
[White "Breuil, Tristan"]
[Black "Scarsi, Anna Laura"]
[Result "0-1"]
[WhiteElo "2305"]
[BlackElo "2078"]
[PlyCount "68"]
[EventDate "2024.02.27"]
[EventType "swiss (blitz)"]
[EventRounds "11"]
[EventCountry "USA"]
[SourceTitle "CB10_2024"]
[SourceDate "2024.03.06"]
[SourceVersion "1"]
[SourceVersionDate "2024.03.06"]
[SourceQuality "1"]

1. e4 c5 2. Nf3 e6 3. d3 Nc6 4. g3 Nge7 5. Bg2 g6 6. 0-0 Bg7 7. c3 d5 8. exd5 Nxd5 9. Bg5 Qc7 10. d4 cxd4 11. Nxd4 Nxd4 12. cxd4 0-0 13. Nd2 Bxd4 14. Rc1 Qb6 15. Nc4 Qc5 16. Ne5 Qb4 17. Ng4 Bxb2 18. Rb1 Nc3 19. Rxb2 Qxb2 20. Qf3 f5 21. Nh6+ Kg7 22. Bc1 Ne2+ 23. Kh1 Nxc1 24. Qf4 Nd3 25. Qc7+ Kxh6 26. g4 fxg4 27. Qe7 Qf6 28. Qa3 Nxf2+ 29. Kg1 Kg7 30. Rc1 Nh3+ 31. Bxh3 Qf2+ 32. Kh1 Qf3+ 33. Qxf3 gxf3 34. Rc7+ Rf7 0-1

[Event "Titled Tuesday intern op 27th Feb Late"]
[Site "Chess.com INT"]
[Date "2024.02.27"]
[Round "9"]
[White "Scarsi, Anna Laura"]
[Black "Shapiro, Viktor"]
[Result "0-1"]
[WhiteElo "2078"]
[BlackElo "2113"]
[PlyCount "96"]
[EventDate "2024.02.27"]
[EventType "swiss (blitz)"]
[EventRounds "11"]
[EventCountry "USA"]
[SourceTitle "CB10_2024"]
[SourceDate "2024.03.06"]
[SourceVersion "1"]
[SourceVersionDate "2024.03.06"]
[SourceQuality "1"]

1. e4 Nf6 2. e5 Nd5 3. d4 d6 4. c4 Nb6 5. f4 dxe5 6. fxe5 c5 7. d5 g6 8. Bf4 Bg7 9. Bd3 0-0 10. Nf3 Bg4 11. 0-0 e6 12. d6 Nc6 13. Re1 Nd7 14. Be2 Bxf3 15. Bxf3 Ndxe5 16. Nc3 Nxf3+ 17. Qxf3 e5 18. Bg3 Qxd6 19. Rad1 Qe6 20. Nd5 Rad8 21. Qa3 b6 22. Qf3 Nd4 23. Qc3 Rfe8 24. Bh4 f6 25. Qd3 Qf7 26. Rf1 Nf5 27. Bxf6 Bxf6 28. g4 e4 29. Qh3 Bd4+ 30. Kh1 Rxd5 31. cxd5 e3 32. Rde1 Qxd5+ 33. Qf3 Qxf3+ 34. Rxf3 Nd6 35. Kg2 Nc4 36. b3 Nd2 37. Rf4 Kg7 38. Re2 Ne4 39. Kf3 Nc3 40. b4 Nxe2 41. Kxe2 Rf8 42. Re4 Rf2+ 43. Ke1 Bc3+ 44. Kd1 Rd2+ 45. Kc1 Bd4 46. bxc5 bxc5 47. Re7+ Kf6 48. Re4 Rxa2 0-1

[Event "Villa Martelli 90 Aanos"]
[Site "Villa Martelli"]
[Date "2023.09.06"]
[Round "7"]
[White "Scarsi, Anna Laura"]
[Black "Romero Barreto, Jaime Jose"]
[Result "0-1"]
[WhiteElo "1995"]
[BlackElo "2335"]
[PlyCount "72"]
[EventDate "2023.08.31"]
[EventType "tourn"]
[EventRounds "9"]
[EventCountry "ARG"]
[EventCategory "1"]
[SourceTitle "EXT 2024"]
[Source "ChessBase"]
[SourceDate "2023.10.10"]
[SourceVersion "1"]
[SourceVersionDate "2023.10.10"]
[SourceQuality "1"]

1. e4 e5 2. Nf3 Nc6 3. Bc4 Bc5 4. d3 Nf6 5. Nc3 a6 6. Bg5 d6 7. Nd5 Be6 8. Bxf6 gxf6 9. Nh4 b5 10. Bb3 Nd4 11. Qh5 c6 12. Ne3 Qa5+ 13. Kf1 Bxb3 14. cxb3 Qd2 15. Qd1 Qxb2 16. g3 Rg8 17. Kg2 Ne6 18. Re1 Bxe3 19. Rxe3 Nd4 20. Qc1 Qxc1 21. Rxc1 Ke7 22. Nf3 a5 23. Nxd4 exd4 24. Re2 c5 25. Rb2 b4 26. Kf3 a4 27. Ke2 h5 28. Kd2 f5 29. f3 h4 30. Rg1 hxg3 31. hxg3 f4 32. g4 Rh8 33. bxa4 Rxa4 34. Kc1 Rh3 35. Rf1 Ra3 36. Rd2 b3 0-1

[Event "Villa Martelli 90 Aanos"]
[Site "Villa Martelli"]
[Date "2023.09.05"]
[Round "6"]
[White "Fiorito, Francisco"]
[Black "Scarsi, Anna Laura"]
[Result "1-0"]
[WhiteElo "2339"]
[BlackElo "1995"]
[PlyCount "55"]
[EventDate "2023.08.31"]
[EventType "tourn"]
[EventRounds "9"]
[EventCountry "ARG"]
[EventCategory "1"]
[SourceTitle "EXT 2024"]
[Source "ChessBase"]
[SourceDate "2023.10.10"]
[SourceVersion "1"]
[SourceVersionDate "2023.10.10"]
[SourceQuality "1"]

1. Nf3 d5 2. b3 e6 3. Bb2 Nf6 4. e3 c5 5. d4 cxd4 6. exd4 Bd6 7. Bd3 0-0 8. 0-0 Nc6 9. a3 Re8 10. Re1 Qc7 11. Ne5 Ne7 12. Nd2 Ng6 13. Nxg6 hxg6 14. Nf3 Bd7 15. Ne5 Bc6 16. h4 Qe7 17. Re3 Nh5 18. Bxg6 Bxe5 19. Bh7+ Kxh7 20. Qxh5+ Kg8 21. dxe5 b5 22. Qg4 Rec8 23. Rg3 g6 24. Bc1 Kf8 25. Bg5 Qc7 26. Qf4 Ke8 27. Qf6 Rcb8 28. Rf3 1-0

[Event "Villa Martelli 90 Aanos"]
[Site "Villa Martelli"]
[Date "2023.09.04"]
[Round "5"]
[White "Contin, Daniel"]
[Black "Scarsi, Anna Laura"]
[Result "1-0"]
[WhiteElo "2225"]
[BlackElo "1995"]
[PlyCount "83"]
[EventDate "2023.08.31"]
[EventType "tourn"]
[EventRounds "9"]
[EventCountry "ARG"]
[EventCategory "1"]
[SourceTitle "EXT 2024"]
[Source "ChessBase"]
[SourceDate "2023.10.10"]
[SourceVersion "1"]
[SourceVersionDate "2023.10.10"]
[SourceQuality "1"]

1. c4 e6 2. Nc3 d5 3. d4 Nf6 4. Bg5 Be7 5. cxd5 exd5 6. e3 h6 7. Bh4 0-0 8. Bd3 c6 9. Qc2 Re8 10. Nge2 Nbd7 11. 0-0 Nh5 12. Bxe7 Qxe7 13. Rab1 a6 14. b4 b5 15. e4 dxe4 16. Bxe4 Bb7 17. Bf3 Nhf6 18. Ng3 Nf8 19. Nf5 Qd7 20. Rfd1 Rad8 21. Rbc1 Nd5 22. Bg4 Qc7 23. Nxd5 Rxd5 24. Bf3 Rdd8 25. d5 Qe5 26. dxc6 Bc8 27. Ne3 Ne6 28. Rd5 Rxd5 29. Bxd5 Nc7 30. Bb3 Rd8 31. Rd1 Rd4 32. h3 Qd6 33. Qe4 Rxe4 34. Rxd6 Kf8 35. Rd8+ Re8 36. Rd4 Be6 37. Kf1 Rc8 38. Rd2 Bxb3 39. axb3 Ne6 40. Rd6 Nd8 41. c7 Rxc7 42. Rxd8+ 1-0

[Event "Villa Martelli 90 Aanos"]
[Site "Villa Martelli"]
[Date "2023.09.03"]
[Round "4"]
[White "Scarsi, Anna Laura"]
[Black "Almiron, Antonio"]
[Result "1/2-1/2"]
[WhiteElo "1995"]
[BlackElo "2303"]
[PlyCount "104"]
[EventDate "2023.08.31"]
[EventType "tourn"]
[EventRounds "9"]
[EventCountry "ARG"]
[EventCategory "1"]
[SourceTitle "EXT 2024"]
[Source "ChessBase"]
[SourceDate "2023.10.10"]
[SourceVersion "1"]
[SourceVersionDate "2023.10.10"]
[SourceQuality "1"]

1. e4 c5 2. Nf3 d6 3. Bb5+ Nd7 4. d4 cxd4 5. Qxd4 a6 6. Bxd7+ Bxd7 7. 0-0 e5 8. Qd3 Rc8 9. c4 Qc7 10. Na3 h6 11. Re1 Nf6 12. Nd2 Be7 13. Nf1 Qc6 14. Bd2 0-0 15. Rac1 Be6 16. b3 Ng4 17. Nb1 f5 18. f3 fxe4 19. Qxe4 Qxe4 20. Rxe4 Nf6 21. Ree1 Kf7 22. Nc3 Bd8 23. Ng3 Bb6+ 24. Be3 Ba5 25. Bd2 Rfd8 26. Nge4 b5 27. cxb5 Nxe4 28. fxe4 axb5 29. Re2 Rc5 30. Rf1+ Ke8 31. Nd1 Bxd2 32. Rxd2 d5 33. exd5 Rcxd5 34. Rxd5 Rxd5 35. Nc3 Rc5 36. Ne4 Rc6 37. Rd1 Ke7 38. Kf2 Bf5 39. Ng3 Rc2+ 40. Ke3 Rc3+ 41. Ke2 Rc2+ 42. Ke3 Bg6 43. Rd2 Rc3+ 44. Ke2 Ke6 45. Kf2 b4 46. Rd8 Bb1 47. Rb8 Bxa2 48. Rxb4 Bxb3 49. Rb6+ Kf7 50. Rb7+ Kg6 51. Rb6+ Kh7 52. Ne2 Rd3 1/2-1/2

[Event "Villa Martelli 90 Aanos"]
[Site "Villa Martelli"]
[Date "2023.09.02"]
[Round "3"]
[White "Cumpe, Lucas"]
[Black "Scarsi, Anna Laura"]
[Result "1/2-1/2"]
[WhiteElo "2155"]
[BlackElo "1995"]
[PlyCount "208"]
[EventDate "2023.08.31"]
[EventType "tourn"]
[EventRounds "9"]
[EventCountry "ARG"]
[EventCategory "1"]
[SourceTitle "EXT 2024"]
[Source "ChessBase"]
[SourceDate "2023.10.10"]
[SourceVersion "1"]
[SourceVersionDate "2023.10.10"]
[SourceQuality "1"]

1. e4 c5 2. Nf3 e6 3. c3 d5 4. e5 d4 5. g3 Nc6 6. Bg2 Nge7 7. 0-0 g6 8. d3 Bg7 9. Re1 0-0 10. Na3 Rb8 11. cxd4 cxd4 12. Bd2 b5 13. Rc1 Qb6 14. h4 Bb7 15. h5 Rbc8 16. h6 Bh8 17. Qb3 Ba6 18. Nc2 Rfd8 19. Nb4 Bb7 20. Qa3 a5 21. Nxc6 Nxc6 22. Qb3 b4 23. Bf4 Ba6 24. Ng5 Ne7 25. a4 Bb7 26. Bxb7 Qxb7 27. Rxc8 Qxc8 28. Rc1 Qa6 29. Rc7 Re8 30. Qc4 Qxc4 31. Rxc4 Nd5 32. Rxd4 f6 33. Nf3 g5 34. Bd2 fxe5 35. Rg4 Rc8 36. Bxg5 Kf7 37. Rc4 Rxc4 38. dxc4 Nb6 39. b3 Kg6 40. Be3 Nc8 41. g4 Bf6 42. Nd2 Bg5 43. Ne4 Bxe3 44. fxe3 Kxh6 45. c5 Ne7 46. Kf2 Kg6 47. Ke2 h5 48. gxh5+ Kxh5 49. Nf6+ Kg5 50. Nd7 e4 51. Kf2 Nc6 52. Nb6 Kf5 53. Nc4 e5 54. Nd6+ Ke6 55. Nxe4 Kd5 56. Kf3 Nd8 57. Nd6 Kxc5 58. Nc4 Nb7 59. Nxe5 Nd6 60. Kf4 Kd5 61. Nf3 Ne4 62. Nd4 Nd2 63. Kf5 Nf1 64. Kf4 Nd2 65. Kf5 Nf1 66. Nc2 Nd2 67. Na1 Ne4 68. Kg4 Ke5 69. Kf3 Nc5 70. Kf2 Kf5 71. Kf3 Ke5 72. Kf2 Kf5 73. Ke2 Ke4 74. Kd2 Kf3 75. Nc2 Ke4 76. Nd4 Kd5 77. Ke1 Ke4 78. Ke2 Nd3 79. Kd1 Nc5 80. Kd2 Kd5 81. Kc2 Ne4 82. Nf3 Nc5 83. Nd2 Nb7 84. Nc4 Ke4 85. Kd2 Kf3 86. Ke1 Nc5 87. Nxa5 Kxe3 88. Kd1 Kd3 89. Kc1 Kc3 90. Kb1 Ne4 91. Ka1 Nc5 92. Ka2 Nd3 93. Kb1 Nc5 94. Kc1 Nd3+ 95. Kd1 Nc5 96. Ke2 Nxb3 97. Nxb3 Kxb3 98. a5 Kc2 99. a6 b3 100. a7 b2 101. a8Q b1Q 102. Qe4+ Kb2 103. Qb4+ Ka1 104. Qxb1+ Kxb1 1/2-1/2

[Event "Buenos Aires Masters op"]
[Site "Buenos Aires"]
[Date "2023.06.19"]
[Round "8"]
[White "Scarsi, Anna Laura"]
[Black "Gualpa, Carlos Alberto"]
[Result "1-0"]
[WhiteElo "1971"]
[BlackElo "1710"]
[PlyCount "63"]
[EventDate "2023.06.14"]
[EventType "swiss"]
[EventRounds "9"]
[EventCountry "ARG"]
[SourceTitle "CBM 215 Extra"]
[Source "ChessBase"]
[SourceDate "2023.09.30"]
[SourceVersion "1"]
[SourceVersionDate "2023.09.30"]
[SourceQuality "1"]

1. e4 d5 2. exd5 Nf6 3. d4 Nxd5 4. c4 Nf6 5. h3 Bf5 6. Nf3 e6 7. Be2 Bb4+ 8. Nc3 Ne4 9. Qb3 Nc6 10. 0-0 Bxc3 11. bxc3 Qc8 12. Ba3 Nd6 13. d5 Ne7 14. c5 Ne4 15. c4 0-0 16. c6 Qd8 17. cxb7 Rb8 18. Rfd1 Qe8 19. Ne5 Nd6 20. Bxd6 cxd6 21. Nd3 Qd8 22. dxe6 Bxe6 23. Bf3 Qc7 24. Nb4 Bxc4 25. Qc3 Qc5 26. Rac1 a5 27. Qxc4 Qxc4 28. Rxc4 axb4 29. Rxd6 b3 30. axb3 Rfd8 31. Rxd8+ Rxd8 32. Ra4 1-0

[Event "ARG-ch U20"]
[Site "Buenos Aires"]
[Date "2023.02.20"]
[Round "8"]
[White "Becerra, Ludmila"]
[Black "Scarsi, Anna Laura"]
[Result "0-1"]
[WhiteElo "1076"]
[BlackElo "1949"]
[PlyCount "40"]
[EventDate "2023.02.17"]
[EventType "swiss"]
[EventRounds "9"]
[EventCountry "ARG"]
[SourceTitle "EXT 2024"]
[Source "ChessBase"]
[SourceDate "2023.10.10"]
[SourceVersion "1"]
[SourceVersionDate "2023.10.10"]
[SourceQuality "1"]

1. e4 c5 2. Nf3 e6 3. b3 d5 4. exd5 exd5 5. Bb5+ Bd7 6. Bxd7+ Qxd7 7. 0-0 Bd6 8. Bb2 f6 9. Re1+ Ne7 10. Qe2 Nbc6 11. d4 0-0-0 12. dxc5 Bxc5 13. Nc3 Ng6 14. Rad1 Nf4 15. Qd2 Qg4 16. Qxf4 Qxf4 17. Nxd5 Qf5 18. c4 Nb4 19. Nxb4 Bxb4 20. Rxd8+ Rxd8 0-1

[Event "ARG-ch U20"]
[Site "Buenos Aires"]
[Date "2023.02.20"]
[Round "7"]
[White "Scarsi, Anna Laura"]
[Black "Caceres, Milagros"]
[Result "1-0"]
[WhiteElo "1949"]
[BlackElo "1164"]
[PlyCount "75"]
[EventDate "2023.02.17"]
[EventType "swiss"]
[EventRounds "9"]
[EventCountry "ARG"]
[SourceTitle "EXT 2024"]
[Source "ChessBase"]
[SourceDate "2023.10.10"]
[SourceVersion "1"]
[SourceVersionDate "2023.10.10"]
[SourceQuality "1"]

1. e4 c5 2. Nf3 d6 3. d4 cxd4 4. Nxd4 Nf6 5. Nc3 g6 6. Be3 Bg7 7. f3 0-0 8. Qd2 Nc6 9. 0-0-0 a6 10. h4 Qa5 11. Kb1 b5 12. Nxc6 Qc7 13. Nb4 Rb8 14. Nbd5 Nxd5 15. Nxd5 Qb7 16. Bh6 f5 17. Bxg7 Kxg7 18. h5 fxe4 19. hxg6 hxg6 20. Qh6+ Kf7 21. Qh7+ Ke8 22. Qxg6+ Kd8 23. Qxe4 Bf5 24. Qd4 Qc6 25. Bd3 Be6 26. Be4 Kd7 27. Nf6+ Rxf6 28. Bxc6+ Kxc6 29. Qa7 Rb7 30. Qxa6+ Rb6 31. Qa8+ Kc7 32. Rh7 Rf7 33. Rxf7 Bxf7 34. Qf8 Bc4 35. Qxe7+ Kc6 36. Rxd6+ Kc5 37. Qc7+ Kb4 38. a3+ 1-0

[Event "ARG-ch U20"]
[Site "Buenos Aires"]
[Date "2023.02.19"]
[Round "6"]
[White "Brito, Sofia"]
[Black "Scarsi, Anna Laura"]
[Result "0-1"]
[WhiteElo "1721"]
[BlackElo "1949"]
[PlyCount "56"]
[EventDate "2023.02.17"]
[EventType "swiss"]
[EventRounds "9"]
[EventCountry "ARG"]
[SourceTitle "EXT 2024"]
[Source "ChessBase"]
[SourceDate "2023.10.10"]
[SourceVersion "1"]
[SourceVersionDate "2023.10.10"]
[SourceQuality "1"]

1. e4 c5 2. Nf3 e6 3. d4 cxd4 4. Nxd4 a6 5. Bd3 Nc6 6. Nxc6 bxc6 7. c4 Nf6 8. Nc3 d6 9. 0-0 Be7 10. Qe2 0-0 11. b3 e5 12. h3 g6 13. Bb2 Nh5 14. Rad1 Nf4 15. Qc2 Bh4 16. Ne2 Qg5 17. Nxf4 exf4 18. Kh2 f3 19. g3 Qh6 20. Rg1 Bg5 21. Bf1 Be7 22. Qd2 Qxd2 23. Rxd2 f5 24. e5 dxe5 25. Bxe5 Bc5 26. Bd3 Re8 27. Bf4 a5 28. Bc2 Bb4 0-1

[Event "Villa Ballester op 72nd"]
[Site "Villa Ballester"]
[Date "2023.01.24"]
[Round "6"]
[White "Ocampos, Ian Guido"]
[Black "Scarsi, Anna Laura"]
[Result "1-0"]
[WhiteElo "2210"]
[BlackElo "1949"]
[PlyCount "79"]
[EventDate "2023.01.18"]
[EventType "swiss"]
[EventRounds "9"]
[EventCountry "ARG"]
[SourceTitle "EXT 2024"]
[Source "ChessBase"]
[SourceDate "2023.10.10"]
[SourceVersion "1"]
[SourceVersionDate "2023.10.10"]
[SourceQuality "1"]

1. e4 c5 2. Nf3 e6 3. d4 cxd4 4. Nxd4 Nf6 5. Nc3 Nc6 6. Bf4 Bb4 7. Nxc6 bxc6 8. Bd3 d5 9. e5 d4 10. exf6 Qxf6 11. Qf3 e5 12. Qe4 Bf5 13. Qxe5+ Qxe5+ 14. Bxe5 dxc3 15. bxc3 Bxd3 16. cxd3 Ba5 17. Kd2 Bb6 18. Rhe1 0-0 19. Bg3 f5 20. f4 Rfe8 21. Rxe8+ Rxe8 22. Re1 Rxe1 23. Bxe1 Kf7 24. a4 Ke6 25. d4 Bc7 26. g3 a5 27. Kd3 Kd5 28. c4+ Ke6 29. Bc3 g6 30. Bb2 Bd6 31. c5 Be7 32. Bc3 Bd8 33. Kc4 h6 34. d5+ Kd7 35. Bg7 h5 36. h4 Be7 37. Kd4 Bd8 38. Ke5 cxd5 39. Kxd5 Bc7 40. Be5 1-0

[Event "Villa Ballester op 72nd"]
[Site "Villa Ballester"]
[Date "2023.01.21"]
[Round "4"]
[White "Quarracino, Carlos"]
[Black "Scarsi, Anna Laura"]
[Result "1/2-1/2"]
[WhiteElo "2141"]
[BlackElo "1949"]
[PlyCount "55"]
[EventDate "2023.01.18"]
[EventType "swiss"]
[EventRounds "9"]
[EventCountry "ARG"]
[SourceTitle "EXT 2024"]
[Source "ChessBase"]
[SourceDate "2023.10.10"]
[SourceVersion "1"]
[SourceVersionDate "2023.10.10"]
[SourceQuality "1"]

1. e4 c5 2. Ne2 e6 3. d4 cxd4 4. Nxd4 Nf6 5. Nc3 Nc6 6. g3 Bc5 7. Nb3 Bb6 8. Bg2 0-0 9. 0-0 d6 10. Bf4 e5 11. Bg5 Be6 12. Nd5 Bxd5 13. exd5 Nb8 14. a4 a6 15. a5 Ba7 16. Nd2 Nbd7 17. Nc4 h6 18. Be3 Bxe3 19. fxe3 Qc7 20. b3 b5 21. axb6 Nxb6 22. Rxf6 Nxc4 23. bxc4 gxf6 24. Qg4+ Kh8 25. Qh5 Kg7 26. Qg4+ Kh8 27. Qh4 Kg7 28. Qg4+ 1/2-1/2